[Event "SVK-chT4 A21 1920"]
[Site "Slovakia"]
[Date "2019.12.15"]
[Round "5.5"]
[White "Pisecky, Jan"]
[Black "Kaufman, Robert"]
[Result "0-1"]
[WhiteElo "1395"]
[BlackElo "1396"]
[PlyCount "78"]
[EventDate "2019.10.13"]
[EventType "team-tourn"]
[EventRounds "11"]
[EventCountry "SVK"]
[SourceTitle "CBM 194 Extra"]
[Source "ChessBase"]
[SourceDate "2020.03.31"]
[SourceVersion "1"]
[SourceVersionDate "2020.03.31"]
[SourceQuality "1"]
[WhiteTeam "Kopcany"]
[BlackTeam "Senica CVC II"]
[WhiteTeamCountry "SVK"]
[BlackTeamCountry "SVK"]

1. e4 e5 2. Bc4 Nf6 3. d3 Bc5 4. h3 d6 5. a3 Be6 6. Bxe6 fxe6 7. Bg5 Nbd7 8. Nf3 0-0 9. c3 Qe8 10. c4 Qg6 11. g4 Rf7 12. Qd2 Nxe4 13. dxe4 Qxe4+ 14. Qe2 Qxf3 15. Qxf3 Rxf3 16. Rh2 Raf8 17. Bh4 Rb3 18. Ra2 Bd4 19. Nd2 Rxb2 20. Rxb2 Bxb2 21. a4 Nc5 22. f3 Bc3 23. Ke2 Bxd2 24. Kxd2 Rxf3 25. Bf2 Ne4+ 26. Ke2 Rxf2+ 27. Rxf2 Nxf2 28. Kxf2 g5 29. Ke3 Kf7 30. Ke4 Kf6 31. Kd3 c6 32. Kc3 a5 33. Kd3 h6 34. c5 d5 35. Ke3 e4 36. Kd4 e3 37. Kxe3 Ke5 38. Kd3 Kf4 39. Kd4 e5+ 0-1

[Event "SVK-chT5 SE-SI 1819"]
[Site "Slovakia"]
[Date "2018.12.08"]
[Round "4.2"]
[White "Visvader, Kristof"]
[Black "Kaufman, Robert"]
[Result "1/2-1/2"]
[WhiteElo "1367"]
[BlackElo "1373"]
[PlyCount "66"]
[EventDate "2018.10.20"]
[EventType "team-tourn"]
[EventRounds "10"]
[EventCountry "SVK"]
[SourceTitle "CBM 189 Extra"]
[Source "ChessBase"]
[SourceDate "2019.06.03"]
[SourceVersion "1"]
[SourceVersionDate "2019.06.03"]
[SourceQuality "1"]
[WhiteTeam "Borsky Mikulas"]
[BlackTeam "Senica CVC IV"]
[WhiteTeamCountry "SVK"]
[BlackTeamCountry "SVK"]

1. e4 e5 2. Nf3 Nc6 3. Bb5 a6 4. Bxc6 dxc6 5. d4 exd4 6. Qxd4 Bg4 7. Qxd8+ Rxd8 8. Ke2 Bc5 9. Be3 Bxe3 10. Kxe3 Nf6 11. h3 Bh5 12. Nc3 Bg6 13. Nh4 0-0 14. Nxg6 fxg6 15. f3 Rfe8 16. Rad1 Nd5+ 17. Kf2 Nb4 18. Rxd8 Rxd8 19. Rd1 Rxd1 20. Nxd1 Nxc2 21. Nc3 Kf7 22. Ke2 Ke6 23. Kd2 Nd4 24. Kd3 Nb5 25. f4 Nxc3 26. bxc3 b5 27. Kd4 h5 28. h4 Kd6 29. e5+ Ke6 30. Kc5 Kd7 31. c4 Ke6 32. Kd4 Kd7 33. Kc5 Ke6 1/2-1/2

[Event "SVK-chT5 SE-SI 1819"]
[Site "Slovakia"]
[Date "2018.11.03"]
[Round "2.2"]
[White "Svrcek, Daniel"]
[Black "Kaufman, Robert"]
[Result "0-1"]
[WhiteElo "1321"]
[BlackElo "1373"]
[PlyCount "58"]
[EventDate "2018.10.20"]
[EventType "team-tourn"]
[EventRounds "10"]
[EventCountry "SVK"]
[SourceTitle "CBM 189 Extra"]
[Source "ChessBase"]
[SourceDate "2019.06.03"]
[SourceVersion "1"]
[SourceVersionDate "2019.06.03"]
[SourceQuality "1"]
[WhiteTeam "Holic III"]
[BlackTeam "Senica CVC IV"]
[WhiteTeamCountry "SVK"]
[BlackTeamCountry "SVK"]

1. e4 e5 2. Nf3 Nc6 3. Bb5 a6 4. Ba4 Nf6 5. d3 Bc5 6. 0-0 d6 7. c3 0-0 8. Bg5 b5 9. Bb3 Bg4 10. h3 Bh5 11. Bxf6 Qxf6 12. Bd5 Ne7 13. Bxa8 Rxa8 14. Nbd2 Qf4 15. Kh1 Rf8 16. Qe2 f5 17. exf5 Nxf5 18. Qe4 Qh6 19. g4 Bg6 20. Kh2 Ne3 21. Qb7 Nxf1+ 22. Rxf1 Qf4+ 23. Kg2 Kh8 24. Qd5 c6 25. Qxc6 Bxd3 26. Re1 Bxf2 27. Kxf2 Qxd2+ 28. Kg3 Qf4+ 29. Kg2 e4 0-1

[Event "SVK-chT5 1718"]
[Site "Slovakia"]
[Date "2018.03.24"]
[Round "9.3"]
[White "Kaufman, Robert"]
[Black "Harasta, Marian"]
[Result "1-0"]
[WhiteElo "1296"]
[BlackElo "1679"]
[PlyCount "119"]
[EventDate "2017.10.21"]
[EventType "team-tourn"]
[EventRounds "9"]
[EventCountry "SVK"]
[SourceTitle "EXT 2020"]
[Source "ChessBase"]
[SourceDate "2019.10.17"]
[SourceVersion "1"]
[SourceVersionDate "2019.10.17"]
[SourceQuality "1"]
[WhiteTeam "Senica IV"]
[BlackTeam "Skalica III"]
[WhiteTeamCountry "SVK"]
[BlackTeamCountry "SVK"]

1. e4 c5 2. Nf3 Nc6 3. d4 cxd4 4. Nxd4 e5 5. Nf3 Bc5 6. Bc4 Qa5+ 7. Bd2 Qb6 8. 0-0 Nf6 9. Bc3 d6 10. Qd3 Nd4 11. Nxd4 Bxd4 12. Bxd4 exd4 13. Qb3 Qxb3 14. Bxb3 0-0 15. Nd2 Re8 16. Rfe1 b5 17. f4 a5 18. a4 Bd7 19. e5 bxa4 20. Bxa4 Bxa4 21. Rxa4 dxe5 22. fxe5 Ng4 23. Nf3 Ne3 24. Nxd4 Rxe5 25. Nc6 Re6 26. Rxa5 Rxa5 27. Nxa5 Nxc2 28. Rxe6 fxe6 29. Kf2 Kf7 30. Kf3 Kf6 31. Nc6 g5 32. b4 Na3 33. Ke4 Nb5 34. Nd4 Nc3+ 35. Kd3 Nd5 36. b5 h5 37. Nc2 Ke5 38. Ne3 Nb6 39. Nc4+ Nxc4 40. Kxc4 Kd6 41. Kd4 g4 42. g3 e5+ 43. Ke4 Kc5 44. Kxe5 Kxb5 45. Kf5 Kc5 46. Kg5 Kd5 47. Kxh5 Ke5 48. Kxg4 Kf6 49. h4 Kg6 50. h5+ Kh6 51. Kh4 Kh7 52. g4 Kh6 53. g5+ Kh7 54. Kg4 Kg7 55. Kf5 Kf7 56. h6 Kf8 57. g6 Kg8 58. Kf6 Kh8 59. g7+ Kg8 60. h7+ 1-0

[Event "SVK-chT5 1718"]
[Site "Slovakia"]
[Date "2018.02.17"]
[Round "7"]
[White "Lanza, Matej"]
[Black "Kaufman, Robert"]
[Result "0-1"]
[WhiteElo "1228"]
[BlackElo "1296"]
[PlyCount "82"]
[EventDate "2017.10.21"]
[EventType "team-tourn"]
[EventRounds "9"]
[EventCountry "SVK"]
[SourceTitle "EXT 2019"]
[Source "ChessBase"]
[SourceDate "2018.10.10"]
[SourceVersion "1"]
[SourceVersionDate "2018.10.10"]
[SourceQuality "1"]
[WhiteTeam "Gbely Nafta IV"]
[BlackTeam "Senica IV"]
[WhiteTeamCountry "SVK"]
[BlackTeamCountry "SVK"]

1. d4 d5 2. Nc3 Nf6 3. Nf3 Bf5 4. Bf4 e6 5. e3 Bb4 6. a3 Bd6 7. Bxd6 cxd6 8. h3 0-0 9. Be2 Nc6 10. 0-0 Qd7 11. Qd2 Rfe8 12. Bd3 Bg6 13. Rab1 e5 14. dxe5 dxe5 15. Bxg6 hxg6 16. Rfd1 Rad8 17. Na4 b6 18. Qe2 e4 19. Nh4 Na5 20. b4 Nc4 21. Nb2 Nxa3 22. Ra1 Nb5 23. c4 Nc3 24. Qc2 Nxd1 25. Rxd1 Qc7 26. Qa4 dxc4 27. Rc1 c3 28. Nd1 Rd3 29. f4 Red8 30. Nf2 Rd2 31. Qb3 c2 32. g3 Rd1+ 33. Nxd1 Rxd1+ 34. Rxd1 cxd1Q+ 35. Qxd1 Qc3 36. Qd8+ Kh7 37. Kg2 Qxe3 38. Qd1 Nh5 39. Qg4 Qd2+ 40. Kf1 e3 41. Nf3 Qf2# 0-1

[Event "SVK-chT5 1718"]
[Site "Slovakia"]
[Date "2018.01.20"]
[Round "6"]
[White "Rehak, Vladimir"]
[Black "Kaufman, Robert"]
[Result "1-0"]
[WhiteElo "1596"]
[BlackElo "1296"]
[PlyCount "69"]
[EventDate "2017.10.21"]
[EventType "team-tourn"]
[EventRounds "9"]
[EventCountry "SVK"]
[SourceTitle "EXT 2019"]
[Source "ChessBase"]
[SourceDate "2018.10.10"]
[SourceVersion "1"]
[SourceVersionDate "2018.10.10"]
[SourceQuality "1"]
[WhiteTeam "Myjava Spartak"]
[BlackTeam "Senica IV"]
[WhiteTeamCountry "SVK"]
[BlackTeamCountry "SVK"]

1. e4 e5 2. Nf3 Nc6 3. Bb5 a6 4. Ba4 b5 5. Bb3 Bc5 6. d3 h6 7. Nc3 Nf6 8. a4 b4 9. Nd5 Bd4 10. c3 bxc3 11. bxc3 Nxd5 12. cxd4 Nc3 13. Qc2 exd4 14. Ba3 a5 15. Nxd4 Nxd4 16. Qxc3 Qf6 17. Rc1 Ra7 18. Bd1 d6 19. 0-0 0-0 20. f4 Re8 21. Bb2 Rb7 22. Qxd4 Rxb2 23. Qxf6 gxf6 24. Rxc7 Rd2 25. Bh5 Be6 26. f5 Ba2 27. Rc3 Rb8 28. Rfc1 Rbb2 29. Bf3 Rb6 30. Rc8+ Kg7 31. Ra8 Rxd3 32. Rxa5 Rd4 33. Ra7 Bc4 34. Kf2 Ra6 35. Rxc4 1-0

[Event "SVK-chT5 1516"]
[Site "Slovakia"]
[Date "2015.12.19"]
[Round "4.4"]
[White "Kaufman, Robert"]
[Black "Cambal, Peter"]
[Result "0-1"]
[WhiteElo "1256"]
[BlackElo "1136"]
[PlyCount "100"]
[EventDate "2015.10.24"]
[EventType "team-tourn"]
[EventRounds "9"]
[EventCountry "SVK"]
[SourceTitle "CBM 170 Extra"]
[Source "ChessBase"]
[SourceDate "2016.02.25"]
[SourceVersion "1"]
[SourceVersionDate "2016.02.25"]
[SourceQuality "1"]
[WhiteTeam "Senica III"]
[BlackTeam "Holic II"]
[WhiteTeamCountry "SVK"]
[BlackTeamCountry "SVK"]

1. e4 c5 2. Nf3 d6 3. d4 cxd4 4. Nxd4 Nf6 5. Nc3 g6 6. Be2 Bg7 7. 0-0 0-0 8. f4 Bd7 9. Qd3 Qa5 10. Bd2 Qb6 11. Rab1 e5 12. fxe5 dxe5 13. Rxf6 Bxf6 14. Nd5 Qxd4+ 15. Qxd4 exd4 16. Nxf6+ Kg7 17. Nd5 Nc6 18. c3 f5 19. cxd4 fxe4 20. Bc3 Rf7 21. Nc7 Rc8 22. d5+ Kg8 23. dxc6 Bxc6 24. Nb5 Bxb5 25. Bxb5 Re7 26. Ba4 h5 27. Rf1 g5 28. Bb3+ Kh7 29. Rf5 Kg6 30. Rf6+ Kh7 31. Bf7 Rxc3 32. bxc3 Kg7 33. Re6 Kxf7 34. Rxe7+ Kxe7 35. Kf2 Ke6 36. Ke3 Ke5 37. c4 b6 38. a4 a6 39. g3 g4 40. a5 bxa5 41. c5 a4 42. c6 Kd6 43. Kxe4 a3 44. Kf5 a2 45. c7 Kxc7 46. Kg6 a1Q 47. Kxh5 Qg7 48. Kh4 Kd6 49. h3 gxh3 50. Kxh3 a5 0-1

[Event "SVK-chT5 SE-SI 1314"]
[Site "Slovakia"]
[Date "2014.02.01"]
[Round "7.3"]
[White "Vozarova, Adriana"]
[Black "Kaufman, Robert"]
[Result "0-1"]
[WhiteElo "1172"]
[BlackElo "1054"]
[PlyCount "42"]
[EventDate "2013.10.19"]
[EventType "team-tourn"]
[EventRounds "11"]
[EventCountry "SVK"]
[SourceTitle "EXT 2022"]
[Source "ChessBase"]
[SourceDate "2021.10.06"]
[SourceVersion "1"]
[SourceVersionDate "2021.10.06"]
[SourceQuality "1"]
[WhiteTeam "Stefanov III"]
[BlackTeam "Senica CVC"]
[WhiteTeamCountry "SVK"]
[BlackTeamCountry "SVK"]

1. e4 e5 2. Nf3 Nc6 3. Nc3 Nf6 4. Bb5 d6 5. d3 Be7 6. Bg5 0-0 7. 0-0 Bg4 8. Qd2 Bxf3 9. gxf3 Nd4 10. Qd1 c6 11. Ba4 b5 12. Bb3 Nh5 13. Bxe7 Qxe7 14. Kh1 Nf4 15. Rg1 a5 16. a4 b4 17. Nb1 Qh4 18. c3 Nde2 19. Rf1 Qh3 20. Rg1 Qxf3+ 21. Rg2 Qxg2# 0-1

[Event "SVK-chT5 SE-SI 1213"]
[Site "Slovakia"]
[Date "2012.12.08"]
[Round "7.4"]
[White "Drinka, Robert"]
[Black "Kaufman, Robert"]
[Result "1-0"]
[WhiteElo "1290"]
[BlackElo "1041"]
[PlyCount "97"]
[EventDate "2012.10.06"]
[EventType "team-tourn"]
[EventRounds "14"]
[EventCountry "SVK"]
[SourceTitle "EXT 2022"]
[Source "ChessBase"]
[SourceDate "2021.10.06"]
[SourceVersion "1"]
[SourceVersionDate "2021.10.06"]
[SourceQuality "1"]
[WhiteTeam "Stefanov II"]
[BlackTeam "Senica CVC III"]
[WhiteTeamCountry "SVK"]
[BlackTeamCountry "SVK"]

1. e4 e5 2. Nf3 Nc6 3. Bc4 d6 4. 0-0 Nf6 5. Re1 Be7 6. c3 Be6 7. Bb5 0-0 8. d4 d5 9. exd5 Bxd5 10. dxe5 Nxe5 11. Nxe5 Bd6 12. Bg5 c6 13. Ba4 Re8 14. Qd4 Qb6 15. Nd2 Qxd4 16. cxd4 Re6 17. Bxf6 Rxf6 18. Bb3 Re8 19. Bxd5 cxd5 20. Nd7 Rfe6 21. Kf1 Bb4 22. Rxe6 Rxe6 23. Nf3 f6 24. Rc1 Bd6 25. Nc5 Re7 26. Nh4 g6 27. Nf3 b6 28. Nd3 h5 29. a3 g5 30. h3 b5 31. Rc6 Bc7 32. Rxf6 Kg7 33. Rc6 a5 34. b4 a4 35. Rc5 g4 36. hxg4 hxg4 37. Nfe5 Bb6 38. Rxd5 Rc7 39. Nc5 g3 40. Ne6+ Kf6 41. Nxc7 Bxc7 42. Rxb5 gxf2 43. Kxf2 Kf5 44. Kf3 Bd6 45. Nc4+ Ke6 46. Nxd6 Kxd6 47. Ke4 Kc6 48. Rc5+ Kb6 49. g4 1-0